00333nam a2200109Ia 4500008004100000082000800041100002500049245003300074942000600107952009500113999001500208240331s9999 xx 000 0 und d bARU aArumugaththamilan, K 0aThirumoolar kalaththin kyral cL 001040708LaWERCLbWERCLcSSCd2024-03-31l0o 809 ARUp1959r2024-03-31w2024-03-31yL c3719d3719